| 000 | 00912nam a2200253 i 4500 | ||
|---|---|---|---|
| 001 | bg | ||
| 245 | 0 | 0 |
_aRozwój regionalny i przestrzeń publiczna / _cpod red. Tadeusza Markowskiego. |
| 260 |
_aWarszawa : _bKPZK PAN, _c2001. |
||
| 300 |
_a121 s. : _brys. ; _c21 cm. |
||
| 490 | 1 |
_aBiuletyn / Polska Akademia Nauk. Komitet Przestrzennego Zagospodarowania Kraju, _x0079-3493 ; _vZ. 194 |
|
| 504 | _aBibliogr. przy art. | ||
| 650 | 9 |
_aMiasta _xgospodarka _zPolska |
|
| 650 | 9 |
_aMiasta _xplanowanie przestrzenne _zPolska |
|
| 650 | 9 |
_aPlanowanie regionalne _zPolska |
|
| 700 | 1 |
_aMARKOWSKI, Tadeusz. _eRed. |
|
| 830 | 0 |
_aBiuletyn (Polska Akademia Nauk. Komitet Przestrzennego Zagospodarowania Kraju) ; _vZ. 194 |
|
| 020 | _a8390425416 | ||
| 040 | _cBPK | ||
| 041 | 0 | _apl | |
| 080 | _a911.375:338.22:711.4/.8](438-21) | ||
| 920 | _a83-904254-1-6 | ||
| 942 | _cKS | ||
| 008 | s pl f |000 0 pol | ||
| 999 |
_c39568 _d39568 |
||
| 856 |
_uhttp://koha.tu.koszalin.pl/cgi-bin/koha/opac-detail.pl?biblionumber=39568 _yKatalog online BPK |
||